书目信息 |
| 题名: |
锅驼机
|
|
| 作者: | 基谢列夫 著 | |
| 分册: | ||
| 出版信息: | 北京 机械工业出版社 1958 |
|
| 页数: | 248页 | |
| 开本: | 20cm | |
| 丛书名: | ||
| 单 册: | ||
| 中图分类: | S22 | |
| 科图分类: | ||
| 主题词: | 农业机械 , 中小农具 | |
| 电子资源: | ||
| ISBN: | ||
| 000 | 00546nam0 2200217 450 | |
| 001 | 0629847593 | |
| 005 | 20060726081934.28 | |
| 010 | @dCNY1.50 | |
| 100 | @a20060726d1958 km y0chiy0120 ea | |
| 101 | 0 | @achi |
| 102 | @aCN@b110000 | |
| 200 | 1 | @a锅驼机@Aguo tuo ji@f基谢列夫 著@Fji xie lie fu zhu |
| 210 | @a北京@c机械工业出版社@d1958 | |
| 215 | @a248页@d20cm | |
| 300 | @a第二版 | |
| 606 | 0 | @a农业机械 |
| 606 | 0 | @a中小农具 |
| 690 | @aS22@v3 | |
| 701 | 0 | @a基谢列夫@Aji xie lie fu@4著 |
| 801 | 0 | @aCN@bPFT@c20060726 |
| 905 | @a10447@dS22@e23 | |
| 锅驼机/基谢列夫 著.-北京:机械工业出版社,1958 |
| 248页;20cm |
| 第二版 |
| ISBN :CNY1.50 |
| ● |
| 相关链接 |
|
|
|
|
正题名:锅驼机
索取号:S22/23
 
预约/预借
| 序号 | 登录号 | 条形码 | 馆藏地/架位号 | 状态 | 备注 |
| 1 | 0438476 | 204384763 | 密集书库/ [索取号:S22/23] | 在馆 |